[Event "89_| Campeonato Brasileiro 2023"]
[Site "Recife"]
[Date "2023.12.14"]
[Round "3.12"]
[White "Barbosa, Marcio Jordao"]
[Black "Filgueiras, Nathan Felipe"]
[Result "0-1"]
[WhiteElo "2112"]
[BlackElo "2295"]
[Annotator "MI Luis Rodi"]
[PlyCount "214"]
[EventDate "2023.??.??"]
[EventCountry "BRA"]

{[%evp 0,71,27,13,37,54,54,29,40,16,40,22,32,-4,-3,-6,33,-6,33,21,41,44,52,47,
47,32,47,15,73,71,46,51,26,19,22,8,8,5,2,-10,-16,-22,-24,-33,-28,-27,-29,-64,
-22,-29,-24,-28,-33,-41,-70,-86,-71,-97,-65,-117,-73,-71,-113,-117,-66,-59,-51,
-180,-196,-194,-190,-194,-181,-181] As 20 horas do passado 14 de dezembro o
árbitro principal da prova, o internacional Igor Macedo -ademais, presidente
da Confederação Brasileira de Xadrez- deu começo á terceira rodada da
prova. Nos primeiros tabuleiros os favoritos enfrentam uma oposição cada vez
mais dura, com duelos entre titulados FIDE em alguns casos. Nenhum dos até
então líderes não possui, ao menos, o título de MN. Passadas as duas
primeiras horas da rodada, ainda não tinhamos definições nas nove primeiras
mesas, que albergam aos sete grandes mestres na liderança mais os fortes MIs
Diego Di Berardino e Roberto Molina. E a mesma situação se mantia após mais
uma hora, pelo que podiamos falar de uma rodada de grande competitividade. As
primeiras partidas em se definir foram as que tiveram a vitória do grande
mestre Luis Supi -ante o MN Yago Labussiere, em uma linha pouco usual da
Siciliana Clássica- e de seu colega Renato Quintiliano ante o MF Charles
Gauche. O catarinense empregou uma duvidosa abertura -1,d4 d6 2.c4 e5 3.Cf3
f6- e após ficar rapidamente em posição inferior nunca se recuperou. A
rodada registrou um bom empate do MF Eduardo Marra ante o GM Krikor
Mekhitarian, e também do MN Andrey Souza Neves ante o GM Darcy Lima;
vitórias com suspense dos grandes mestres Alexandr Fier e Yago Santiago ante
os MN Mateus Tomiello e Matheus Ribeiro, respectivamente. Derrota do GM
Everaldo Matsuura ante o MN Mario Fiaes, outra das surpresas da rodada.
Quatorze líderes após a terceira rodada! Entre eles o mestre internacional
Nathan Filgueiras, protagonista do nosso jogo do dia. Um jogo de 107 lances!} 
1. e4 c5 2. Nf3 Nc6 3. d4 cxd4 4. Nxd4 e5 {[#] A variante Kalashnikov da
Siciliana. Nos seus últimos anos o GM Eugeny Sveshnikov a considerou como uma
versão melhorada da Sveshnikov!} 5. Nb5 d6 6. N1c3 a6 7. Na3 Be6 {[#]} (7...
b5) ({e} 7... Be7 {são as opções aqui. Aescolha de Nathan é interessante e
leva a posições que ainda precisam ser aprofundadas pela teoria.}) 8. Nc4 {
Esta jogada, explorando o fato das pretas não terem jogado ...b5 em ordem de
restringir os cavalos, é a mais usual, e ademais a recomendação teórica.}
Rb8 $5 {[#] Um lance de espera útil, planejando observar a disposição que
adotem as peças brancas antes de desenvolver a ala de rei. Foi introduzida na
prática pelo enxadrista francês Asher Glicenstein, e ganhou popularidade ao
ser utilizada por Teimour Radjabov na olimpiada de Turin 2006.} 9. a4 {As
brancas tomam medidas contra a possível expansão lateral preta ao custo de
um ligeiro enfraquecimento da casa b4. O lance é o segundo em popula- ridade
na prática, somente detrás da linha 9.Cd5 Bxd5 10.exd5 Cce7 que é ademais a
recomendação teórica.} Nb4 $5 {[#] Este lance, já empregado por
Glicenstein nas primeiras partidas com esta linha no começo do século, é
hoje o mais habitual na prática. As pretas exploram de ime- diato o lado
negativo do anterior lance branco, preparadas para lutar pelo domínio da casa
d5. As brancas podem cortar de raiz o dilema ocupando esse ponto, porém
então uma oportuna troca elimina os riscos associados com um peão fraco em
d6 e a casa igualmente fraca em d5.} 10. Nd5 Bxd5 11. exd5 Nf6 12. Ne3 {
O lance mais natural, o mais utilizado na prática, porém... permite um
cômodo equilíbrio ao segundo jogador.} ({Talvez as brancas pudessem pensar em
} 12. g3 {[Martinez - Suárez, Espanha 2021] e se} Nbxd5 13. Bg2 $44 {onde a
sua compensação parece mais que adequada. As pretas, claro, podem escolher
não capturar de imediato em d5.}) 12... Qa5 13. Bd2 Qc5 14. c4 a5 $5 {A
Filgueiras lhe incomoda a ameaça estratégica do a5 branco, considerando que
o cavalo em b4 não tem muitas casas disponíveis, porém resulta ser uma
miragem.} ({Em lugar deste lance preventivo ele podia ter jogado de imediato} 
14... Ne4 {e se} 15. a5 ({Melhor era} 15. Bc3 g6 16. a5 b6 17. axb6 Rxb6) 15...
Nxd2 16. Qxd2 b6 17. axb6 Rxb6 {As pretas planejam sefuir com...g6, Bg7 [h6],
0-0}) 15. Qb3 $2 {Este movimento termina sendo um sério erro de conceito,
fruto de uma avaliação pobre da posição resultante -como poderemos
observar, as ações na ala de dama se revelam funcionais aos interesses
pretos-. As brancas poderiam ter criado sua própria agenda no outro setor do
tabuleiro mediante 15.Df3!÷ planejando avanços de peão no setor. A
posição seria então de duplo gume} Ne4 16. Bxb4 Qxb4+ 17. Qxb4 axb4 $17 {
[#] Depois da troca de damas aparece uma posição onde as chances do segundo
jogador devem se considerar superiores. Ambos lados contam com bispos maus,
porém o das pretas dispõe de circuitos interessantes para transitar. A
estrutura de peões, apesar dos dobrados na coluna b, é também algo melhor
para as pretas: oferece uma excelente base para o cavalo em c5 ao tempo que na
ala de rei a maioria de peões é flexível e pode ser avançada com
facilidade -o que não é certo para a maioria branca no setor oposto-.} 18. b3
Nc5 19. Rb1 g6 20. h4 Bg7 21. Be2 f5 22. Nc2 e4 {[#] A maioria de peões preta
foi-se mobilizando, ganhando espaço e abrindo linhas para o bispo, que cada
vez é menos mau. Uma comparação entre as peças menores de um e outro lado
mostra que a vantagem preta está perto de ser decisiva, restando somente a
execução de um plano de concretização.} 23. Rh3 {Ameaçando o peão de b4
pois a torre defendo o defensor indireto Bc3} Na6 {defesa óbvia mas as pretas
poderiam considerar também} (23... Bc3+) ({e} 23... f4) 24. Kf1 O-O 25. Kg1
Rbe8 26. Rf1 h5 (26... f4 {era novamente uma ótima possibilidade.}) 27. Bd1
Bf6 28. Re1 Kg7 29. g3 {[#] Um lance tão feio quanto parece, porém é
difícil dar dicas nesta posição onde as brancas caíram em uma passividade
alarmante} Bc3 $19 {Depois deste lance as pretas ganham uma qualidade,
deixando o resto do jogo como um exemplo de concretização técnica.} 30. Re2
Nc5 31. Ne3 Nd3 32. Ng2 Kf7 (32... f4 33. Nxf4 Nxf4 34. gxf4 Rxf4 $19) 33. Bc2
Nc1 34. Nf4 Nxe2+ 35. Nxe2 Kf6 {[#] As pretas somente necessitam abrir a
posição para que as torres façam valer a diferença de qualidade contra as
peças menores brancas. Fácil de dizer, muito difícil de fazer!} 36. Kg2 Ke5
(36... Be5 37. Rh1) 37. Rh1 Bd2 38. Rd1 Bh6 39. Nd4 Kf6 40. Ne6 Rf7 41. f4
exf3+ 42. Kxf3 Rfe7 43. Re1 b6 44. Rd1 Rc8 45. Rd3 Bc1 46. Bd1 Bb2 47. Be2 Be5
48. Bd1 Ra7 49. Be2 Re8 50. Bf1 Rf7 51. Bh3 Rfe7 52. Bf1 Rg8 53. Bh3 Kf7 54.
Bg2 Ke8 55. Bh3 Kd7 {Sem pressa e com muita paciência. As brancas, com
vantagem permanente, podem tratar assim a posição, procurando a melhor forma
de devolver a qualidade a câmbio de abrir linhas de forma vantajosa.} 56. Rd1
Rge8 57. Rd3 Kc8 58. Rd1 Kb8 59. Rd3 Ra7 60. Bf1 Rc8 61. Be2 Rf7 62. Bf1 Re8
63. Be2 Bf6 64. Kf4 Be5+ 65. Kf3 Ka7 66. Bf1 Kb8 67. Be2 Kc8 68. Bf1 Ree7 69.
Bh3 Rf6 70. Bf1 Ref7 71. Ng5 f4 $5 {Um pouco de ação!} 72. Bh3+ Kb8 73. g4
hxg4+ 74. Bxg4 Re7 75. Be6 Rf8 76. Kg4 Bc3 77. Rf3 Be5 78. Rf1 Kc7 79. Rf3 Kd8
80. Kh3 Kc7 81. Kg4 Rg7 82. Kh3 Rh8 83. Kg4 Kb7 84. Rf1 Rh5 85. Rf3 Kb8 86. Rh3
Kb7 87. Ne4 Kb8 88. Ng5 Bf6 89. Nf3 Rgh7 90. Kxf4 Bxh4 {Finalmente. As pretas
logram colunas abertas para suas torres e a resistencia branca colapsa.} 91.
Bg4 R5h6 92. Nxh4 Rxh4 93. Re3 Rh1 94. Re8+ Kb7 95. Rd8 g5+ 96. Kf5 Kc7 97. Rg8
Rb1 98. Kxg5 Rxb3 {[#] Se as brancas ainda tinham alguma esperança, a queda
deste peão permitindo a aparição de um monstruoso livre acaba com elas} 99.
Rc8+ Kb7 100. Rc6 Rg7+ 101. Kf4 Rc3 102. Bc8+ Ka7 103. Bf5 b3 104. Rxd6 Rxc4+
105. Ke5 b2 106. Rc6 Rxa4 107. Kd6 Ra1 0-1

[Event "89_| Campeonato Brasileiro 2023"]
[Site "Recife"]
[Date "2023.12.15"]
[Round "4.1"]
[White "Piccoli, Lucas Fonseca"]
[Black "Supi, Luis Paulo"]
[Result "1/2-1/2"]
[WhiteElo "2244"]
[BlackElo "2579"]
[PlyCount "104"]
[EventDate "2023.??.??"]
[EventCountry "BRA"]
[TimeControl "90+30"]
[WhiteClock "0:01:27"]
[BlackClock "0:00:34"]

{[%evp 16,104,38,43,37,35,36,37,41,53,57,57,56,3,46,39,43,-9,0,-11,-4,-64,2,
-71,-78,-100,-49,-99,-97,-113,-97,-142,-154,-257,-219,-213,-88,-94,-73,-69,-74,
-79,-76,-79,-83,-68,0,0,0,0,0,0,0,0,0,0,0,0,0,0,0,0,77,0,0,-151,-137,-361,-356,
-356,-335,-325,-102,-361,-97,-286,-116,-277,-32,-235,0,-426,0,0,0,-316,0,0,0,
-315,0]} 1. e4 {[%emt 0:00:00]} c5 {[%emt 0:00:00]} 2. Nf3 {[%emt 0:00:00]} d6
{[%emt 0:00:00]} 3. d4 {[%emt 0:00:00]} cxd4 {[%emt 0:00:00]} 4. Nxd4 {[%emt 0:
00:00]} Nf6 {[%emt 0:00:00]} 5. Nc3 {[%emt 0:00:00]} Nc6 {[%emt 0:00:00]} 6.
Bg5 {[%emt 0:00:00]} e6 {[%emt 0:00:00]} 7. Qd3 {[%emt 0:00:00]} Bd7 {[%emt 0:
00:00]} 8. O-O-O {[%emt 0:00:00]} a6 {[%emt 0:00:00]} 9. f4 {[%emt 0:00:00]} h6
{[%emt 0:00:00] B62: Sicilian: Richter-Rauzer: 6...e6: Unusual White 7th moves.
} 10. Bh4 {[%emt 0:00:00]} Be7 {[%emt 0:00:00]} 11. Nf3 {[%emt 0:00:00]} Qc7 {
[%emt 0:00:00] White is slightly better.} 12. Kb1 {[%emt 0:00:00]} Rd8 {
[%emt 0:00:00]} 13. Qe3 $146 {[%emt 0:00:00]} ({Predecessor:} 13. Qd2 b5 14.
Bd3 b4 15. Ne2 Bc8 16. Rhg1 d5 17. e5 Ne4 18. Qe1 g5 19. Bg3 {0-1 (82) Van
Foreest,J (2714)-Shevchenko,K (2644) Germany 2022}) 13... b5 {[%emt 0:00:00]}
14. e5 {[%emt 0:00:00]} dxe5 {[%emt 0:00:00]} (14... Ng4 $5 {[%cal Rg4e3]} 15.
exd6 Nxe3 16. dxc7 Rc8 $11) 15. fxe5 {[%emt 0:00:00]} Ng4 {[%emt 0:00:00]} 16.
Qf4 {[%emt 0:00:00]} Ngxe5 {[%emt 0:00:00] And now ...g5 would win.} 17. Bxe7 {
[%emt 0:00:00]} Kxe7 {[%emt 0:00:00]} 18. Bd3 {[%eval -64,22] [%emt 0:00:00]} (
18. Be2 $11 {[%eval -4,24]}) 18... Qb8 {[%eval 2,28] [%emt 0:00:00]} (18... Rc8
$15 {[%eval -64,22]}) 19. Qh4+ {[%eval -71,21] [%emt 0:00:00]} (19. Nxe5 $11 {
[%eval 2,28] remains equal.} Qxe5 20. Qf3) 19... f6 $17 {[%emt 0:00:00]} 20.
Ne4 {[%emt 0:00:00]} Bc8 {[%emt 0:00:00]} 21. Rhe1 {[%emt 0:00:00]} Rhf8 {
[%emt 0:00:00]} 22. Qh5 {[%emt 0:00:00]} Rf7 {[%emt 0:00:00]} 23. Nh4 {[%emt 0:
00:00]} Kf8 {[%emt 0:00:00]} 24. Ng6+ {[%eval -257,23] [%emt 0:00:00]} (24. g4
$17 {[%eval -154,24] might work better.}) 24... Nxg6 $19 {[%emt 0:00:00]} 25.
Qxg6 {[%emt 0:00:00]} Ne5 {[%eval -88,27] [%emt 0:00:00]} (25... Qxh2 $19 {
[%eval -213,21]} 26. Rh1 Qe5) 26. Qh7 $17 {[%emt 0:00:00]} Ke7 {[%emt 0:00:00]
...Bb7 is the strong threat.} 27. Be2 {[%emt 0:00:00]} Bb7 {[%emt 0:00:00]} 28.
Rxd8 {[%emt 0:00:00]} Qxd8 {[%emt 0:00:00]} 29. Rd1 {[%emt 0:00:00]} g5 $1 {
[%emt 0:00:00]} 30. Qxh6 {[%emt 0:06:11]} Qg8 {[%eval 0,29] [%emt 0:00:00]} ({
Black should try} 30... Qf8 $15 {[%eval -68,25]} 31. Nxf6 Qxh6 32. Ng8+ {
[%mdl 64] Double Attack} Kf8 33. Nxh6 Rf2) 31. Qh3 $1 $40 {[%emt 0:00:02][%cal
Rh3a3][%mdl 128] White is up to no good.} Bxe4 {[%emt 0:00:00]} 32. Qa3+ {
[%emt 0:00:04]} Ke8 {[%emt 0:00:00] aiming for ...Qh7.} 33. Qxa6 {[%emt 0:03:
07]} Re7 {[%emt 0:00:00]} 34. Bh5+ {[%emt 0:01:11]} Ng6 {[%emt 0:00:00]} (34...
Bg6 $5 35. Rd8+ $8 {[%mdl 64] Decoy} Kxd8 36. Qa8+ Kd7 37. Qxg8 Bxh5 $11) 35.
Qc8+ $1 {[%emt 0:03:31]} Kf7 {[%emt 0:00:00]} 36. Rd8 {[%emt 0:00:15]} Qg7 {
[%emt 0:00:00]} 37. Rh8 {[%emt 0:04:18]} g4 {[%emt 0:00:00]} 38. a3 {[%emt 0:
00:21]} Bf5 {[%eval 77,34] [%emt 0:00:00]} (38... e5 $11 {[%eval 0,42]}) 39. g3
{[%eval 0,48] [%emt 0:01:00]} (39. Qd8 $16 {[%eval 77,34]}) 39... Be4 {[%emt 0:
00:51]} 40. Ka1 $2 {[%eval -151,25] [%emt 0:00:21] [#]} (40. Qd8 $11 {[%eval 0,
48]}) 40... Bxc2 $1 $17 {[%emt 0:01:58][%mdl 512]} 41. Qb8 $2 {[%eval -361,25]
[%emt 0:01:02]} (41. Qxc2 $17 {[%eval -137,24]} Qxh8 42. Qxg6+ Kf8 43. Qxg4)
41... Bf5 {[%emt 0:02:45]} 42. Qc8 {[%emt 0:00:28]} Be4 {[%emt 0:01:11]} 43.
Qd8 {[%emt 0:00:07]} Bc2 $2 {[%eval -102,28] [%emt 0:00:35]} (43... e5 $1 $19 {
[%eval -325,26] has better winning chances. Hoping for ...Bc6.} 44. b4 Bc6) 44.
Qa8 $2 {[%eval -361,30] [%emt 0:00:24][%mdl 8192] [#]} (44. Ka2 $17 {[%eval
-102,28] was the only chance.}) 44... Bd3 $2 {[%eval -97,26] [%emt 0:01:39]} (
44... b4 $1 $19 {[%eval -361,30] is more deadly.} 45. a4 (45. axb4 Qxh8) 45...
Bb3) 45. Qd8 $2 {[%eval -286,22] [%emt 0:00:05] [#]} (45. Ka2 $17 {[%eval -97,
26] was the only defense.}) 45... Bf5 {[%eval -116,29] [%emt 0:00:09]} (45...
Be4 $1 $19 {[%eval -286,22] and Black stays clearly on top.} 46. Ka2 e5) 46.
Qa8 $2 {[%eval -277,34] [%emt 0:01:02] [#]} (46. b3 $17 {[%eval -116,29] was
forced.}) 46... Be4 $2 {[%eval -32,26] [%emt 0:03:23]} ({Black should play} 
46... b4 $1 $19 {[%eval -277,34][%cal Rb4a3] Threatens to win with ...bxa3.}
47. a4 b3) 47. Qc8 $2 {[%eval -235,24] [%emt 0:00:48]} ({White has to play} 47.
Qxe4 $15 {[%eval -32,26]} Qxh8 48. Bxg6+ Kg8 49. Qxg4) 47... e5 $2 {[%eval 0,
28] [%emt 0:00:47]} (47... Bb7 $19 {[%eval -235,24]} 48. Qd8 e5) 48. Qd8 $2 {
[%eval -426,21] [%emt 0:00:39][%mdl 8192]} (48. Rd8 $1 $11 {[%eval 0,28] and
White has nothing to worry.}) 48... Ke6 $2 {[%eval 0,28] [%emt 0:08:16]} ({
Better is} 48... Bc6 $19 {[%eval -426,21] Strongly threatening ...Bb7.} 49. b3
Bd7 50. Bxg6+ Qxg6 51. Rf8+ Ke6 52. Qb6+ Kf5 53. Qf2+ Kg5 54. h4+ Kh5 55. Rxf6
Qd3) 49. Qc8+ $1 $11 {[%emt 0:00:30]} Kf7 {[%emt 0:00:28] White must now
prevent ...Bd5.} 50. Qd8 $2 {[%eval -316,22] [%emt 0:00:22][%mdl 8192]} (50.
Rd8 $1 $11 {[%eval 0,28]}) 50... Ke6 {[%emt 0:03:25]} 51. Qc8+ $1 {[%emt 0:00:
03]} Kf7 {[%emt 0:00:57]} 52. Qd8 {[%emt 0:00:12]} Ke6 $2 {[%eval 0,56] [%emt
0:00:32] Accuracy: White = 50%, Black = 53%.} (52... Bc6 $19 {[%eval -315,20]}
53. b3 Bd7 54. Bxg6+ Qxg6 55. Rf8+ Ke6 56. Qb6+ Kf5 57. Qf2+ Kg5 58. h4+ Kh5
59. Rxf6 Qd3) 1/2-1/2

[Event "89_| Campeonato Brasileiro 2023"]
[Site "Recife"]
[Date "2023.12.15"]
[Round "4.2"]
[White "Rocha, Vitor Firmo de Souz"]
[Black "Fier, Alexandr"]
[Result "0-1"]
[WhiteElo "2207"]
[BlackElo "2545"]
[PlyCount "66"]
[EventDate "2023.??.??"]
[EventCountry "BRA"]
[TimeControl "90+30"]
[WhiteClock "0:23:18"]
[BlackClock "0:58:51"]

1. e4 {[%emt 0:00:00]} c5 {[%emt 0:00:00]} 2. Nf3 {[%emt 0:00:00]} e6 {[%emt 0:
00:00]} 3. d4 {[%emt 0:00:00]} cxd4 {[%emt 0:00:00]} 4. Nxd4 {[%emt 0:00:00]}
Nc6 {[%emt 0:00:00]} 5. Nb5 {[%emt 0:00:00]} d6 {[%emt 0:00:00]} 6. c4 {
[%emt 0:00:00]} Nf6 {[%emt 0:00:00]} 7. N1c3 {[%emt 0:00:00]} a6 {[%emt 0:00:
00]} 8. Na3 {[%emt 0:00:00]} Be7 {[%emt 0:00:00]} 9. Be2 {[%emt 0:00:00]} O-O {
[%emt 0:00:00]} 10. O-O {[%emt 0:00:00]} b6 {[%emt 0:00:00]} 11. Be3 {[%emt 0:
00:00]} Bb7 {[%emt 0:00:00]} 12. Qb3 {[%emt 0:00:00]} Ne5 {[%emt 0:00:00]} 13.
Bxb6 {[%emt 0:00:00]} Qd7 {[%emt 0:00:00]} 14. Qc2 {[%emt 0:00:00]} Nxe4 {
[%emt 0:00:00]} 15. Nxe4 {[%emt 0:00:00]} Qc6 {[%emt 0:00:00]} 16. Bd4 {
[%emt 0:00:00]} Qxe4 {[%emt 0:00:00]} 17. Qxe4 {[%emt 0:00:00]} Bxe4 {[%emt 0:
00:00]} 18. Rfd1 {[%emt 0:00:00]} Nc6 {[%emt 0:00:00]} 19. Bc3 {[%emt 0:00:00]}
Rfc8 {[%emt 0:00:00]} 20. f3 {[%emt 0:00:00]} Bg6 {[%emt 0:00:00]} 21. g3 {
[%emt 0:00:00]} Rab8 {[%emt 0:00:00]} 22. Rd2 {[%emt 0:00:00]} Nb4 {[%emt 0:00:
00]} 23. b3 {[%emt 0:00:00]} d5 {[%emt 0:00:00]} 24. Kg2 {[%emt 0:00:00]} h6 {
[%emt 0:00:00]} 25. h4 {[%emt 0:00:00]} Bc5 {[%emt 0:00:00]} 26. Be5 {[%emt 0:
00:00]} Ra8 {[%emt 0:00:00]} 27. Bc3 {[%emt 0:00:00]} a5 {[%emt 0:00:00]} 28.
Nb5 {[%emt 0:00:00]} Be3 {[%emt 0:00:00]} 29. Rb2 {[%emt 0:00:00]} Nc2 {
[%emt 0:00:00]} 30. Rd1 {[%emt 0:00:00]} Bc5 {[%emt 0:00:00]} 31. Rc1 {[%emt 0:
00:00]} Na3 {[%emt 0:00:00]} 32. Rd1 {[%emt 0:00:00]} Nxb5 {[%emt 0:00:00]} 33.
cxb5 {[%emt 0:00:00]} Ba3 {[%emt 0:00:00]} 0-1

[Event "89_| Campeonato Brasileiro 2023"]
[Site "Recife"]
[Date "2023.12.15"]
[Round "4.3"]
[White "Alboredo, Julia"]
[Black "Quintiliano Pinto, Renato Rodrigues"]
[Result "0-1"]
[WhiteElo "2201"]
[BlackElo "2489"]
[PlyCount "74"]
[EventDate "2023.??.??"]
[EventCountry "BRA"]
[TimeControl "90+30"]
[WhiteClock "0:15:54"]
[BlackClock "0:14:45"]

1. e4 {[%emt 0:00:00]} d6 {[%emt 0:00:00]} 2. d4 {[%emt 0:00:00]} Nf6 {[%emt 0:
00:00]} 3. Nc3 {[%emt 0:00:00]} e5 {[%emt 0:00:00]} 4. Nf3 {[%emt 0:00:00]}
Nbd7 {[%emt 0:00:00]} 5. dxe5 {[%emt 0:00:00]} dxe5 {[%emt 0:00:00]} 6. Bc4 {
[%emt 0:00:00]} Be7 {[%emt 0:00:00]} 7. O-O {[%emt 0:00:00]} O-O {[%emt 0:00:
00]} 8. Bg5 {[%emt 0:00:00]} c6 {[%emt 0:00:00]} 9. a4 {[%emt 0:00:00]} Qc7 {
[%emt 0:00:00]} 10. Bh4 {[%emt 0:00:00]} Nc5 {[%emt 0:00:00]} 11. Bg3 {[%emt 0:
00:00]} Bd6 {[%emt 0:00:00]} 12. Qe2 {[%emt 0:00:00]} Bg4 {[%emt 0:00:00]} 13.
h3 {[%emt 0:00:00]} Bh5 {[%emt 0:00:00]} 14. Bh4 {[%emt 0:00:00]} Be7 {[%emt 0:
00:00]} 15. Qe3 {[%emt 0:00:00]} Ncd7 {[%emt 0:00:00]} 16. Ne2 {[%emt 0:00:00]}
Bc5 {[%emt 0:00:00]} 17. Qd3 {[%emt 0:00:00]} Be7 {[%emt 0:00:00]} 18. Ng3 {
[%emt 0:00:00]} Bg6 {[%emt 0:00:00]} 19. Qe2 {[%emt 0:00:00]} Rfe8 {[%emt 0:00:
00]} 20. Bxf6 {[%emt 0:00:00]} Nxf6 {[%emt 0:00:00]} 21. Nh4 {[%emt 0:00:00]}
Rad8 {[%emt 0:00:00]} 22. Nhf5 {[%emt 0:00:00]} Bf8 {[%emt 0:00:00]} 23. h4 {
[%emt 0:00:00]} Bxf5 {[%emt 0:00:00]} 24. Nxf5 {[%emt 0:00:00]} g6 {[%emt 0:00:
00]} 25. Ng3 {[%emt 0:00:00]} h5 {[%emt 0:00:00]} 26. Rfd1 {[%emt 0:00:00]} Bc5
{[%emt 0:00:00]} 27. Nf1 {[%emt 0:00:00]} Kg7 {[%emt 0:00:00]} 28. Qf3 {
[%emt 0:00:00]} Rxd1 {[%emt 0:00:00]} 29. Rxd1 {[%emt 0:00:00]} Rd8 {[%emt 0:
00:00]} 30. Rd3 {[%emt 0:00:00]} Rxd3 {[%emt 0:00:41]} 31. cxd3 {[%emt 0:00:00]
} Ng4 {[%emt 0:00:09]} 32. Ne3 {[%emt 0:00:00]} Bxe3 {[%emt 0:00:07]} 33. fxe3
{[%emt 0:00:00]} Qe7 {[%emt 0:00:22]} 34. d4 {[%emt 0:00:39]} f6 {[%emt 0:00:
17]} 35. d5 {[%emt 0:01:13]} Qc5 {[%emt 0:01:06]} 36. b3 {[%emt 0:01:58]} Nxe3
{[%emt 0:02:07]} 37. Qf2 {[%emt 0:00:16]} Qd4 {[%emt 0:00:26]} 0-1